MARC

LEADER 00000nam0a2200000 4500
001 245547
005 20231101232132.0
035 |a (RuTPU)RU\TPU\book\266958 
090 |a 245547 
100 |a 20131113d1973 k y0rusy50 ca 
101 0 |a rus 
102 |a RU 
105 |a a z 001zy 
200 1 |a Крыльчатые движители  |f В. И. Грузинов [и др.] 
210 |a Ленинград  |c Судостроение  |d 1973 
215 |a 136 с.  |c ил. 
320 |a Библиогр.: с. 134. 
606 1 |a Судовые движители  |2 stltpush  |3 (RuTPU)RU\TPU\subj\58137  |9 75958 
610 1 |a применение 
610 1 |a конструкции 
610 1 |a гидродинамические характеристики 
610 1 |a нагрузки 
610 1 |a схемы 
610 1 |a конструирование 
675 |a 629.12  |v 3 
701 1 |a Грузинов  |b В. И. 
701 1 |a Гуляев  |b В. И. 
701 1 |a Ибрагимова  |b Т. Б. 
701 1 |a Лихтеров  |b Л. Э. 
701 1 |a Пейрос  |b В. Ф. 
801 1 |a RU  |b 63413507  |c 20131113 
801 2 |a RU  |b 63413507  |c 20131120  |g RCR 
942 |c BK